Мой брат Юрий: Повесть

التفاصيل البيبلوغرافية
المؤلف الرئيسي: Гагарин В. А. Валентин Алексеевич
مؤلفون آخرون: Сафонов В. Валентин (прочие)
الملخص:Исключено из фонда НТБ ТПУ
اللغة:الروسية
منشور في: Москва, Московский рабочий, 1972
التنسيق: MixedMaterials كتاب
KOHA link:https://koha.lib.tpu.ru/cgi-bin/koha/opac-detail.pl?biblionumber=120546

MARC

LEADER 00000nam0a2200000 4500
001 120546
005 20231031125045.0
035 |a (RuTPU)RU\TPU\book\130533 
090 |a 120546 
100 |a 20070831d1972 m y0rusy50 ca 
101 0 |a rus 
102 |a RU 
105 |a a z 000ab 
200 1 |a Мой брат Юрий  |e Повесть  |f В. А. Гагарин  |g Лит. запись В. Сафонов 
210 |a Москва  |c Московский рабочий  |d 1972 
215 |a 288 с.  |c ил. 
333 |a Исключено из фонда НТБ ТПУ 
700 1 |a Гагарин  |b В. А.  |g Валентин Алексеевич 
702 1 |a Сафонов  |b В.  |g Валентин  |4 570 
801 1 |a RU  |b 63413507  |c 20070831  |g PSBO 
801 2 |a RU  |b 63413507  |c 20211028  |g PSBO 
942 |c BK